Statistics for Countries By Lowest HDI - Inequality Adjusted

Click here to take the quiz!

General Stats

  • This quiz has been taken 23 times
  • The average score is 42 of 50

Answer Stats

IHDICountry% Correct
0.276South Sudan
100%
0.335Sudan
100%
0.342Benin
95%
0.232Central African Republic
95%
0.248Chad
95%
0.339Gambia
95%
0.389Madagascar
95%
0.289Mali
95%
0.284Niger
95%
0.348Nigeria
95%
0.351Senegal
95%
0.355Togo
95%
0.321Yemen
95%
0.314Burkina Faso
89%
0.301Burundi
89%
0.349Ethiopia
89%
0.440Ghana
89%
0.313Guinea
89%
0.309Guinea
89%
0.311Haiti
89%
0.446Kenya
89%
0.382Lesotho
89%
0.346Malawi
89%
0.375Mauritania
89%
0.291Sierra Leone
89%
0.397Tanzania
89%
0.371Cameroon
84%
0.417Congo
84%
0.333DR Congo
84%
0.325Liberia
84%
0.316Mozambique
84%
0.441Zimbabwe
84%
0.471Cambodia
79%
0.430Eswatini
79%
0.300Guinea-Bissau
79%
0.461Laos
79%
0.432Namibia
79%
0.387Rwanda
79%
0.399Uganda
79%
0.401Zambia
79%
0.394Angola
74%
0.303Comoros
74%
0.443Nepal
74%
0.468South Africa
74%
0.472India
68%
0.347Ivory Coast
68%
0.384Pakistan
68%
0.390Papua New Guinea
68%
0.436East Timor
63%
0.475Bangladesh
58%

Score Distribution

Percentile by Number Answered

Percent of People with Each Score

Your Score History

You have not taken this quiz